Bạn muốn sáng tác ca khúc

Shranjeno v:
Bibliografske podrobnosti
Glavni avtor: Ngọc, Kôn
Format: Knjiga
Izdano: Tp Hồ Chí Minh Trẻ
Teme:
Oznake: Označite
Brez oznak, prvi označite!
Thư viện lưu trữ: Trung tâm Học liệu Lê Vũ Hùng, Trường Đại học Đồng Tháp
LEADER 00673pam a22002298a 4500
001 00039053
005 20171026081025.0
008 170517s ||||||Viesd
041 0 # |a Vie 
082 1 4 |a 781.2  |b B105M 
100 1 # |a Ngọc, Kôn 
245 1 0 |a Bạn muốn sáng tác ca khúc  |c Ngọc Kôn 
260 # # |a Tp Hồ Chí Minh  |b Trẻ 
300 # # |a 166 tr.  |c 24 cm 
653 # # |a Ca khúc 
653 # # |a Sáng tác 
852 # # |b Kho mượn  |j KM.0022038 
852 # # |b Kho đọc  |j KD.0021416 
852 # # |j KD.0021416  |j KM.0022038 
910 |d 17/05/2017 
980 # # |a Trung tâm Học liệu Lê Vũ Hùng, Trường Đại học Đồng Tháp